000 01538cam a2200337 a 4500
999 _c758
_d758
001 813625
003 OSt
005 20191206122916.0
008 190531s2018 enka c 000 1 eng d
020 _a9780008297244
_q(paperback) :
040 _aTWTCL
_beng
_cTWTCL
_eaacr
042 _anbic
082 _aFIC WAL
100 1 _aWalliams, David,
_d1971-
_eauthor
245 1 4 _aThe ice monster /
_cDavid Walliams ; illustrated by Tony Ross.
264 1 _aLondon :
_bHarperCollins Children's Books,
_c2018.
300 _a478 pages :
_billustrations ;
_c22 cm.
336 _atext
_btxt
_2rdacontent.
337 _aunmediated
_bn
_2rdamedia.
338 _avolume
_bnc
_2rdacarrier.
500 _aIncludes notes about woolly mammoths and the real Victorian world.
520 _aThis is the story of a ten-year-old orphan and a 10,000-year-old mammoth…When Elsie, an orphan on the streets of Victorian London, hears about the mysterious Ice Monster – a woolly mammoth found at the North Pole – she's determined to discover more. A chance encounter brings Elsie face to face with the creature, and sparks the adventure of a lifetime – from London to the heart of the Arctic!
521 _a9-
600 0 0 _aVictoria,
_cQueen of Great Britain,
_d1819-1901
_vJuvenile fiction.
650 0 _aOrphans
_xJuvenile fiction.
650 0 _aWoolly mammoth
_vJuvenile fiction.
651 0 _aGreat Britain
_xHistory
_yVictoria, 1837-1901
_vJuvenile fiction.
653 _aKF.
700 1 _aRoss, Tony,
_d1938-
_eIllustrator
942 _2ddc
_cFIC